Normal view
MARC view
- Fluid Mechanics and Hydraulics
Entry Topical Term
001 - CONTROL NUMBER
- control field: 4258
003 - CONTROL NUMBER IDENTIFIER
- control field: JO-AjAnu
005 - DATE AND TIME OF LATEST TRANSACTION
- control field: 20230606071010.0
008 - FIXED-LENGTH DATA ELEMENTS
- fixed length control field: 230606|| aca||aabn | a|a d
040 ## - CATALOGING SOURCE
- Original cataloging agency: JO-AjAnu
- Transcribing agency: JO-AjAnu
150 ## - HEADING--TOPICAL TERM
- Topical term or geographic name entry element: Fluid Mechanics and Hydraulics
670 ## - SOURCE DATA FOUND
- Source citation: Work cat.: (JO-AjAnu)2212: Liu,cheng …ect, author 4257, Fluid Mechanics and Hydraulics